000 00477nmm a2200169Ia 4500
008 251105s9999||||xx |||||||||||||||||und||
020 _a9789560102164
041 _aspa
100 _aAraya, Alejandra
245 0 _aLos muchachos de la pizzería
264 _a[Santiago de Chile, Chile] :
_bRil editores,
_c2015
300 _a206 páginas
490 _a80 mundos
650 _aThriller & Suspense
856 _uhttps://public.digitaliapublishing.com/a/42567
942 _cCF
999 _c93710
_d93710